| 000 | 00385nam a2200145 a 4500 | ||
|---|---|---|---|
| 005 | 20140513081056.0 | ||
| 008 | 070202s19uu xx 00 eng d | ||
| 050 |
_aVCD _bVo872 2002 |
||
| 245 | _aVocabulary builder. | ||
| 260 |
_bEducational products for infancy, _c2002. |
||
| 440 | _aBaby BumbleBee | ||
| 500 | _aAge 2 months and up | ||
| 650 | _aBasic vocabulary | ||
| 999 |
_c116496 _d116496 |
||